书目信息 |
| 题名: |
学术论文写作
|
|
| 作者: | 陈妙云 著 | |
| 分册: | ||
| 出版信息: | 广州 广东人民出版社 1998.08 |
|
| 页数: | 246页 | |
| 开本: | 21cm | |
| 丛书名: | ||
| 单 册: | ||
| 中图分类: | H152.2 | |
| 科图分类: | ||
| 主题词: | 汉语--议论文--写作 | |
| 电子资源: | ||
| ISBN: | 7-218-02821-7 | |
| 000 | 00544nam0 2200193 45 | |
| 001 | 0004201510 | |
| 005 | 20041208103927.7 | |
| 010 | @a7-218-02821-7@dCNY18.80 | |
| 100 | @a20000420d1998 km y0chiy0120 ea | |
| 101 | 0 | @achi |
| 105 | @a z 000yy | |
| 200 | 1 | @a学术论文写作@AXue Shu Lun Wen Xie Zuo@f陈妙云著@FChen Miao Yun Zhu |
| 210 | @a广州@c广东人民出版社@d1998.08 | |
| 215 | @a246页@d21cm | |
| 606 | 0 | @a汉语@x议论文@x写作 |
| 690 | @aH152.2@v1 | |
| 701 | 0 | @a陈妙云@4著 |
| 801 | @aCN@bTSTC@c20000425 | |
| 905 | @b287976-984@dH152.2@e251@f9 | |
| 学术论文写作/陈妙云著.-广州:广东人民出版社,1998.08 |
| 246页;21cm |
| ISBN 7-218-02821-7:CNY18.80 |
| ● |
| 相关链接 |
|
|
|
|
正题名:学术论文写作
索取号:H152.2/251
 
预约/预借
| 序号 | 登录号 | 条形码 | 馆藏地/架位号 | 状态 | 备注 |
| 1 | 0287976 | 002879763 | 第四借阅区/ [索取号:H152.2/251] | 在馆 | |
| 2 | 0287977 | 002879772 | 第四借阅区/ [索取号:H152.2/251] | 在馆 | |
| 3 | 0287978 | 002879781 | 第四借阅区/ [索取号:H152.2/251] | 在馆 | |
| 4 | 0287979 | 002879790 | 第四借阅区/ [索取号:H152.2/251] | 在馆 | |
| 5 | 0287980 | 002879807 | 第四借阅区/ [索取号:H152.2/251] | 在馆 | |
| 6 | 0287981 | 002879816 | 第四借阅区/ [索取号:H152.2/251] | 在馆 | |
| 7 | 0287982 | 002879825 | 第四借阅区/ [索取号:H152.2/251] | 在馆 | |
| 8 | 0287983 | 002879834 | 第四借阅区/ [索取号:H152.2/251] | 在馆 | |
| 9 | 0287984 | 002879843 | 第二样本阅览室/ [索取号:H152.2/251] | 在馆 |